000 00692nam a22001937a 4500
999 _c189099
_d189099
005 20220613161859.0
010 _aENG-132259
020 _a9789393330116
_c600.00
035 _aEN-116791
037 _bDBAD/PUB
082 _a511.62
100 _aBenjamin, Arthur T.
245 _aProofs that Really Count:
_bThe Art of Combinatorial Proof/
_cArthur T. Benjamin and Jennifer J. Quinn
260 _aHyderabad
_bUniversities Press (India) Private Limited
_c2022
270 _a3-6-747/1/A & 3-6-754-1 Himayatnagar
_bHyderabad
_e500029
_minfo@universitiespress.com
300 _axiv, 194p.
_bindex
_c24cm(pbk)
700 _aQuinn, Jeniffer J.
942 _2ddc
_cEN
_h511.62
_mBEN